Tái cấu hình lưới điện phân phối sử dụng các giải thuật tìm kiếm tối ưu : Luận án Tiến sĩ - Chuyên ngành: Kỹ thuật điện

Zapisane w:
Opis bibliograficzny
1. autor: Nguyễn, Thanh Thuận
Format: Luận văn
Język:Undetermined
Wydane: Đại học Sư phạm Kỹ thuật Tp. Hồ Chí Minh 2018
Hasła przedmiotowe:
Etykiety: Dodaj etykietę
Nie ma etykietki, Dołącz pierwszą etykiete!
Thư viện lưu trữ: Trung tâm Thư viện - Trường Đại học Công nghiệp TP. Hồ Chí Minh
LEADER 00708nam a2200157Ia 4500
001 UIH_01858
008 230809s9999 xx 000 0 und d
082 |a 621.31 
100 |a Nguyễn, Thanh Thuận 
245 0 |a Tái cấu hình lưới điện phân phối sử dụng các giải thuật tìm kiếm tối ưu : Luận án Tiến sĩ - Chuyên ngành: Kỹ thuật điện 
245 0 |c Nguyễn, Thanh Thuận 
260 |b Đại học Sư phạm Kỹ thuật Tp. Hồ Chí Minh 
260 |c 2018 
650 |a Kỹ thuật điện 
927 |a Luận văn 
980 |a Trung tâm Thư viện - Trường Đại học Công nghiệp TP. Hồ Chí Minh